Awakening Ganesha: (Record no. 171751)

MARC details
000 -LEADER
fixed length control field 00580nam a22001817a 4500
005 - DATE AND TIME OF LATEST TRANSACTION
control field 20200120124611.0
010 ## - LCCN (DPL NO)
LC control number ENG-127502
020 ## - INTERNATIONAL STANDARD BOOK NUMBER
International Standard Book Number 9788193523674
Terms of availability 249.00
035 ## - SYSTEM CONTROL NUMBER
System control number EN-111034
037 ## - SOURCE OF ACQUISITION
Source of stock number/acquisition DBAD/PUB
082 ## - DEWEY DECIMAL CLASSIFICATION NUMBER
Classification number 230.23
100 ## - MAIN ENTRY--PERSONAL NAME
Personal name Bohra,Anurag Singh
245 ## - TITLE STATEMENT
Title Awakening Ganesha:
Statement of responsibility, etc by Anurag Singh Bohra
Remainder of title conquering our inner demons against jealousy and enviousness/
260 ## - PUBLICATION, DISTRIBUTION, ETC. (IMPRINT)
Place of publication, distribution, etc Delhi
Name of publisher, distributor, etc Authors Pride
Date of publication, distribution, etc 2019
270 ## - ADDRESS
Address 55-A,Pocket-D,SFS Mayur Vihar-III
Postal code 110091
City Delhi
300 ## - PHYSICAL DESCRIPTION
Extent 94p.
Dimensions 20cm(pbk)
942 ## - ADDED ENTRY ELEMENTS (KOHA)
Source of classification or shelving scheme Dewey Decimal Classification
Item type English Books
Classification part 230.23
Call number suffix BOH
Holdings
Withdrawn status Lost status Not for loan Collection code Home library Current library Date acquired Source of acquisition Cost, normal purchase price Full call number Barcode Copy number Cost, replacement price Koha item type
      Non-fiction Sarojini Nagar Sarojini Nagar 20/01/2020 DBAD/PUB 249.00 230.23 BOH EN-111034 1 249.00 English Books

© Delhi Public Library
Hit Counter
free hit counter